Univerzitný charakter vzdelávania budúcich inžinierov

Bibliographic Details
Main Author: Duda, Emil, 1931- (Author)
Format: Article
Language:Slovak

MARC

LEADER 00000nab a2200000uu 4500
001 vtls011459212
003 SK-MaSNL
005 20260303094159.0
008 220810|1997 xo |||||||||||||||||slo|
015 |a SNBRB 
035 |a (urnnbn)urn:nbn:sk:snk:ar-a0a8x8 
035 |a (uuid)2b8bcf39-af36-431d-9167-730037b994a0 
035 |a urn:nbn:sk:snk-abcteb 
040 |a SNKBUCL  |b slo  |c SNKBUCL  |e AACR2 
041 0 |a slo 
044 |a xo  |c SK 
100 1 |a Duda, Emil,  |d 1931-  |4 aut  |9 213818 
245 1 0 |a Univerzitný charakter vzdelávania budúcich inžinierov  |c Emil Duda 
773 0 |t Academia : súčasnosť a perspektívy vysokých škôl a vedy  |g Roč. 8, č. 1 (1997), s. 18-28 
954 |a odborná, vedecká literatúra pôvodná (slovenská)  |2 lita 
958 |a OND 
958 |a article16 
999 |c 1819191  |d 1821121